010400000a22002410004500003001100000005001700011008004100028020001500069040003900084041000800123082001800131110002300149245006500172260004100237300002900278520025100307650004200558650005200600650003300652942000700685952009300692999001300785LK-CoMWRAF20240123023443.0230817t1986 ||||| |||| 00| 0 eng d a8885840000 aLK-CoMWRAFdLK-CoMWRAFeLK-CoMWRAF aeng a016.3054bISI aIsis International aPowerful images : ba women's guide to audiovisual resources aSantiago:bISIS International,c1986 ax, 210 p. : ill. ; 30 cm aDirectory, guide, audiovisual aids for women - articles on women experiments in developing countries and developed countries, catalogue of films and videocassettes. List of women's organizations, list of nongovernmental organizations, photographs aWomen's Audio-visual aids—Catalogs  aWomen's studies—Audio-visual aids—Catalogs  aWomen in mass media industry cBK 00104070aMAINbMAINd2023-08-17l0o016.3054 ISIpRAF3576r2023-08-17w2023-08-17yBK c359d359